| 000 | 00475 a2200169 4500 | ||
|---|---|---|---|
| 082 | _a347.409549 | ||
| 090 |
_c1020 _d1020 |
||
| 100 | _aMahmood, Shaukat | ||
| 245 |
_aThe Contract ACT _cShaukat Mahmood _hNadeem Shaukat |
||
| 250 | _a5th Revised and Enlarged Edition | ||
| 260 |
_aLahore, Pakistan _bNewfine Printing press _c2000 |
||
| 300 | _a916 | ||
| 500 | _aHard Cover | ||
| 600 | _aMahmood, Shaukat | ||
| 700 | _aMahmood, Shaukat | ||
| 942 |
_cBK _aNBS _k347.409549 MAH |
||
| 999 |
_c343555 _d343555 |
||